000 01544nam a22003857a 4500
001 2316919
003 OSt
005 20210420063201.0
008 810417r19811950nyuaf 000 0beng
010 _a 81080681
020 _a0882021931 :
_c$17.00
020 _a088202194X (pbk.) :
040 _aeng
_cDLC
_deng
050 0 0 _aRD592.9.C87
_bT48 1981
080 _a61 (09)
_bT-47
082 0 0 _a617/.092/4
_aB
_219
100 1 _aThomson, Elizabeth Harriet,
_d1907-
245 0 0 _aHarvey Cushing, surgeon, author, artist /
_cElizabeth H. Thomson ; foreword by John F. Fulton.
260 _aNew York :
_bNeal Watson Academic Publications,
_c1981.
300 _axviii, 347 p., [12] p. of plates :
_bill. ;
_c22 cm.
365 _b7.95 usd
500 _a"Second printing, revised."
500 _aOriginally published: New York : Schuman, 1950. (Publication / Historical Library, Yale University School of Medicine ; no. 24) (The Life of science library ; 13)
500 _aIncludes index.
504 _aBibliography: p. 325-328.
600 1 0 _aCushing, Harvey,
_d1869-1939.
650 0 _aNeurosurgeons
_zUnited States
_xBiography.
650 0 _aPhysicians as authors
_zUnited States
_xBiography.
650 0 _aPhysicians as artists
_zUnited States
_xBiography.
650 0 _aLiterature and medicine
_zUnited States
_xHistory
_y20th century.
830 0 _aPublication (Yale Medical Library. Historical Library) ;
_vno. 24.
830 0 _aLife of science library ;
_v13.
906 _a7
_bcbc
_corignew
_d1
_eopcn
_f19
_gy-gencatlg
942 _2udc
_cBK
999 _c480
_d480